Indiquez la profession des parents ! 22 Spécial sportifs de légende - Statistiques

Statistiques générales
  • Ce quiz a été pris 9 fois
  • Le résultat moyen est 2 sur 20
Statistiques - réponses
Hint Réponse % Correct
Tony Parker Joueur de basket / Mannequin
71%
Fabien Pelous Agriculteurs
29%
Yannick Noah Footballeur
29%
Surya Bonaly Agriculteurs
14%
Jeannie Longo Directeur dans une entreprise de travaux publics / Institutrice
14%
Marcel Cerdan Journalier
14%
Bernard Hinault Poseur de rails
14%
Zinédine Zidane Conducteur d'engins
0%
Florence Arthaud Editeur
0%
Laure Manaudou Employé de banque
0%
Jean-Claude Killy Entrepreneur en bâtiment
0%
Alain Prost Entrepreneur en meubles
0%
Alain Colas Faïenciers
0%
Just Fontaine Fonctionnaire de la Régie des tabacs
0%
Teddy Riner Fonctionnaires
0%
Laura Flessel Météorologiste
0%
Didier Deschamps Peintre en bâtiment / Vendeuse
0%
Suzanne Lenglen Pharmacien puis rentier
0%
Michel Platini Professeur
0%
Sébastien Loeb Professeurs
0%
Aucun quiz correspondant
Distribution des résultats
% des personnes avec chaque résultat
Percentile par nombre de réponses
Votre historique - résultats
Vous n’avez pas pris ce quiz